The Treasure of Harageh /
The present locations of objects distributed by the EEF from Tomb 124 at Harageh are documented with particular attention paid the jewelry and objects of travertine now in the possession of the St. Louis [Missouri] Society of the Archaeological Institute of America.
المؤلف الرئيسي:
التنسيق: كتاب
اللغة: Undetermined
الوصول للمادة أونلاين: Login to view Source
الوسوم: إضافة وسم
رقم الطلب:
| LEADER | 00683nam a2200109Ia 4500 | ||
|---|---|---|---|
| 008 | 220712s9999||||xx |||||||||||||| ||und|| | ||
| 100 | 1 | |a Bianchi, Robert Steven. | |
| 245 | 1 | 4 | |a The Treasure of Harageh / |c Robert Steven Bianchi. |
| 520 | 3 | |a The present locations of objects distributed by the EEF from Tomb 124 at Harageh are documented with particular attention paid the jewelry and objects of travertine now in the possession of the St. Louis [Missouri] Society of the Archaeological Institute of America. | |
| 856 | 4 | |u https://lockwoodonlinejournals.com/index.php/jarce/workflow/access/15 | |
| 952 | |0 0 |1 0 |4 0 |7 1 |9 42295 |a JARCE |b JARCE |d 2022-08-09 |l 0 |r 2022-08-09 00:00:00 |w 2022-08-09 |y PT | ||
| 999 | |c 49058 |d 49058 | ||
